| 000 -LEADER |
| fixed length control field |
00485nam a22001697a 4500 |
| 020 ## - INTERNATIONAL STANDARD BOOK NUMBER |
| ISBN |
9788119443055 |
| 082 ## - DEWEY DECIMAL CLASSIFICATION NUMBER |
| Classification number |
M300 7 |
| Item number |
JOB/C |
| 245 ## - TITLE STATEMENT |
| Title |
Cherivorarangal: dalit gothrajeevitham malayalanovelil/ |
| Statement of responsibility, etc |
by Jobin Jose Chamakala (ed.) |
| 260 ## - PUBLICATION, DISTRIBUTION, ETC. (IMPRINT) |
| Place of publication |
Kozhikode: |
| Name of publisher |
Pusthakalokam, |
| Year of publication |
2024. |
| 300 ## - PHYSICAL DESCRIPTION |
| Number of Pages |
341p. |
| 650 ## - SUBJECT ADDED ENTRY--TOPICAL TERM |
| Topical Term |
Novel Study Malayalam |
| 650 ## - SUBJECT ADDED ENTRY--TOPICAL TERM |
| Topical Term |
Dalits Novel |
| 650 ## - SUBJECT ADDED ENTRY--TOPICAL TERM |
| Topical Term |
Literature Malayalam |
| 650 ## - SUBJECT ADDED ENTRY--TOPICAL TERM |
| Topical Term |
Literature |
| 700 ## - ADDED ENTRY--PERSONAL NAME |
| Personal name |
Jobin Jose Chamakala (ed.) |
| 942 ## - ADDED ENTRY ELEMENTS (KOHA) |
| Koha item type |
Book |